[Event "BL 1516 (Women)"]
[Site "Germany"]
[Date "2016.02.27"]
[Round "8.4"]
[White "Arakhamia Grant, Ketevan"]
[Black "Schulze, Dorothee"]
[Result "1-0"]
[WhiteElo "2363"]
[BlackElo "1981"]
[PlyCount "169"]
[EventDate "2015.09.26"]
[EventType "team-tourn"]
[EventRounds "11"]
[EventCountry "GER"]
[SourceTitle "EXT 2017"]
[Source "ChessBase"]
[SourceDate "2016.10.25"]
[SourceVersion "1"]
[SourceVersionDate "2016.10.25"]
[SourceQuality "1"]
[WhiteTeam "Baden-Baden (W)"]
[BlackTeam "Lehrte (W)"]
[WhiteTeamCountry "GER"]
[BlackTeamCountry "GER"]

1. e4 c5 2. Nc3 Nc6 3. g3 g6 4. Bg2 Bg7 5. d3 e6 6. Be3 Nd4 7. Qd2 Ne7 8. Nd1 d6 9. c3 Ndc6 10. Bh6 Bf6 11. Ne2 b5 12. Ne3 Ng8 13. e5 Bb7 14. exf6 Nxh6 15. d4 Qxf6 16. dxc5 dxc5 17. Qd6 Rc8 18. Qxc5 a6 19. Qb6 Qe7 20. 0-0 0-0 21. a4 Qc7 22. Qc5 Ne7 23. Qxc7 Rxc7 24. axb5 Bxg2 25. Kxg2 axb5 26. Ra5 Rb8 27. Nd4 Rc5 28. Rd1 Nhf5 29. Ndxf5 Nxf5 30. Nc2 Rb7 31. Rd8+ Kg7 32. Nb4 h5 33. Raa8 Ne7 34. h4 Re5 35. Kf1 Re4 36. Rab8 Rxb8 37. Rxb8 Re5 38. Rb7 Nf5 39. Nd3 Rd5 40. Nf4 Re5 41. Rd7 Kf6 42. Kg2 Ne7 43. Kf3 Nc6 44. Rc7 Ne7 45. Nd3 Rd5 46. Ke2 Nf5 47. Nb4 Re5+ 48. Kd3 Nd6 49. Rc6 Ne4 50. f4 Nf2+ 51. Kd2 Rf5 52. Ke2 Ne4 53. Kf3 Nd2+ 54. Ke2 Ne4 55. Kf3 Nd2+ 56. Kf2 Ne4+ 57. Kg2 Nd2 58. Rc7 Nc4 59. b3 Nd2 60. Nd3 Nxb3 61. Ne5 Kg7 62. Rb7 Nd2 63. Rxb5 Nc4 64. Rc5 Ne3+ 65. Kf3 Ng4 66. c4 Kf6 67. Ke4 Ke7 68. Rc7+ Ke8 69. Rc8+ Ke7 70. Rc7+ Ke8 71. Nd3 Nf6+ 72. Kd4 Nd7 73. Ra7 f6 74. Ke4 g5 75. Ra8+ Ke7 76. Ra7 Ke8 77. Ke3 gxh4 78. gxh4 Kd8 79. Kd4 Kc8 80. Ra6 e5+ 81. Ke4 Nc5+ 82. Nxc5 Rxf4+ 83. Kd5 Rxh4 84. Rxf6 Kc7 85. Ne4 1-0

[Event "BL 1516 (Women)"]
[Site "Germany"]
[Date "2016.01.23"]
[Round "6.5"]
[White "Van Weersel, Arlette"]
[Black "Schulze, Dorothee"]
[Result "1/2-1/2"]
[WhiteElo "2173"]
[BlackElo "1981"]
[PlyCount "138"]
[EventDate "2015.09.26"]
[EventType "team-tourn"]
[EventRounds "11"]
[EventCountry "GER"]
[SourceTitle "EXT 2017"]
[Source "ChessBase"]
[SourceDate "2016.10.25"]
[SourceVersion "1"]
[SourceVersionDate "2016.10.25"]
[SourceQuality "1"]
[WhiteTeam "Schwaebisch Hall (W)"]
[BlackTeam "Lehrte (W)"]
[WhiteTeamCountry "GER"]
[BlackTeamCountry "GER"]

1. e4 c5 2. c4 Nc6 3. Ne2 Nf6 4. Nbc3 e6 5. d4 cxd4 6. Nxd4 Bb4 7. Nxc6 bxc6 8. Bd3 d5 9. exd5 exd5 10. 0-0 0-0 11. cxd5 Nxd5 12. Ne4 Bf5 13. Qf3 Bg6 14. a3 Ba5 15. b4 Bb6 16. Bb2 Re8 17. Ng3 a5 18. b5 Bxd3 19. Qxd3 Qd7 20. Nf5 f6 21. Rad1 Rad8 22. bxc6 Qxc6 23. Qg3 Qc7 24. Qb3 Qf7 25. Ng3 Bc7 26. Qf3 Be5 27. Bxe5 Rxe5 28. Rd4 Rc8 29. Nf5 Rc5 30. Qg4 Qg6 31. Qxg6 hxg6 32. Ng3 Rc3 33. f4 Nxf4 34. Rfxf4 Rxa3 35. Rfe4 Rc5 36. Rd8+ Kf7 37. Rd7+ Kf8 38. Ra7 Ra2 39. Rd4 Rc1+ 40. Nf1 Kg8 41. Rf4 g5 42. Rf2 Raa1 43. g4 a4 44. Kg2 Rc4 45. h3 Rcc1 46. Ng3 Kh8 47. Re2 Rcb1 48. Nh5 Rg1+ 49. Kf3 Rgf1+ 50. Ke4 Ra3 51. Rxg7 Rxh3 52. Ra7 f5+ 53. gxf5 Rxh5 54. Kd3 Rd1+ 55. Kc2 Rd8 56. f6 Rh7 57. Rxa4 Rf8 58. Ra6 Rh6 59. Rf2 Kh7 60. Ra7+ Kh8 61. f7 Kg7 62. Kd3 Rf6 63. Rg2 Kg6 64. Ra5 Rf5 65. Ra6+ Kxf7 66. Ra7+ Kg6 67. Re7 Rf3+ 68. Ke2 R8f5 69. Re8 R3f4 1/2-1/2

[Event "BL 1415 (Women)"]
[Site "Germany"]
[Date "2015.03.29"]
[Round "8.2"]
[White "Schleining, Zoya"]
[Black "Schulze, Dorothee"]
[Result "1-0"]
[WhiteElo "2354"]
[BlackElo "1990"]
[PlyCount "53"]
[EventDate "2014.09.27"]
[EventType "team-tourn"]
[EventRounds "11"]
[EventCountry "GER"]
[SourceTitle "CBM 166 Extra"]
[Source "ChessBase"]
[SourceDate "2015.06.18"]
[SourceVersion "1"]
[SourceVersionDate "2015.06.18"]
[SourceQuality "1"]
[WhiteTeam "Deizisau (W)"]
[BlackTeam "Lehrte (W)"]
[WhiteTeamCountry "GER"]
[BlackTeamCountry "GER"]

1. d4 Nf6 2. c4 g6 3. Nc3 Bg7 4. Nf3 0-0 5. Bf4 d6 6. e3 Nc6 7. h3 Nh5 8. Bh2 f5 9. Be2 Bd7 10. d5 Nb8 11. Nd4 Nf6 12. g4 Qc8 13. g5 Ne8 14. h4 e5 15. dxe6 Bxe6 16. Nd5 Rf7 17. Nf4 Bd7 18. Qd2 Nc6 19. 0-0-0 Ne5 20. Kb1 Bh8 21. h5 Ng7 22. Bg3 Ne6 23. hxg6 hxg6 24. Nfxe6 Bxe6 25. f4 Nc6 26. Bf3 Nxd4 27. exd4 1-0

[Event "BL 1415 (Women)"]
[Site "Germany"]
[Date "2015.03.29"]
[Round "9.2"]
[White "Schulze, Dorothee"]
[Black "Kachiani Gersinska, Ketino"]
[Result "0-1"]
[WhiteElo "1990"]
[BlackElo "2361"]
[PlyCount "60"]
[EventDate "2014.09.27"]
[EventType "team-tourn"]
[EventRounds "11"]
[EventCountry "GER"]
[SourceTitle "CBM 166 Extra"]
[Source "ChessBase"]
[SourceDate "2015.06.18"]
[SourceVersion "1"]
[SourceVersionDate "2015.06.18"]
[SourceQuality "1"]
[WhiteTeam "Lehrte (W)"]
[BlackTeam "Baden-Baden (W)"]
[WhiteTeamCountry "GER"]
[BlackTeamCountry "GER"]

1. e4 e5 2. Nf3 Nc6 3. Bb5 a6 4. Ba4 Nf6 5. 0-0 Be7 6. Qe2 b5 7. Bb3 0-0 8. c3 d5 9. d3 Re8 10. Rd1 Bg4 11. Bg5 d4 12. Nbd2 h6 13. Bh4 Nh5 14. Bg3 Nxg3 15. hxg3 Qd6 16. Bd5 Rad8 17. Rac1 dxc3 18. bxc3 Na5 19. Nb3 Nxb3 20. Bxb3 c5 21. Bd5 Be6 22. c4 b4 23. Qb2 Bf6 24. Nh4 Rb8 25. Qc2 a5 26. Qa4 Bd7 27. Qxa5 Bd8 28. Qa7 Bxh4 29. gxh4 Rb6 30. Rd2 Ra6 0-1

[Event "BL 1415 (Women)"]
[Site "Germany"]
[Date "2015.01.24"]
[Round "6.4"]
[White "Schulze, Dorothee"]
[Black "Petrova, Kristyna"]
[Result "0-1"]
[WhiteElo "1990"]
[BlackElo "2229"]
[PlyCount "66"]
[EventDate "2014.09.27"]
[EventType "team-tourn"]
[EventRounds "11"]
[EventCountry "GER"]
[SourceTitle "CBM 166 Extra"]
[Source "ChessBase"]
[SourceDate "2015.06.18"]
[SourceVersion "1"]
[SourceVersionDate "2015.06.18"]
[SourceQuality "1"]
[WhiteTeam "Lehrte (W)"]
[BlackTeam "Grosslehna (W)"]
[WhiteTeamCountry "GER"]
[BlackTeamCountry "GER"]

1. e4 d5 2. exd5 Qxd5 3. Nc3 Qa5 4. Bc4 c6 5. Nge2 Bf5 6. 0-0 e6 7. d3 Nd7 8. Ng3 Bg6 9. Be3 Qc7 10. f4 Ne7 11. Kh1 Nf6 12. Qf3 Nf5 13. Bg1 Nxg3+ 14. Qxg3 Bd6 15. Be3 0-0-0 16. a3 Kb8 17. b4 h5 18. h3 b6 19. Qf3 h4 20. Ne4 Be7 21. Rfb1 Nd5 22. Bd2 Bf5 23. a4 Nf6 24. Bc3 Bxe4 25. dxe4 Nh5 26. e5 g5 27. f5 Ng3+ 28. Kh2 Nxf5 29. b5 cxb5 30. Bxb5 Nd4 31. Bxd4 Rxd4 32. Qxf7 Qxe5+ 33. Kh1 Bd6 0-1

[Event "BL 1314 (Women)"]
[Site "Germany"]
[Date "2014.03.30"]
[Round "11.1"]
[White "Schulze, Dorothee"]
[Black "Matras Clement, Agnieszka"]
[Result "0-1"]
[WhiteElo "1999"]
[BlackElo "2245"]
[PlyCount "94"]
[EventDate "2013.10.04"]
[EventType "team-tourn"]
[EventRounds "11"]
[EventCountry "GER"]
[SourceTitle "EXT 2018"]
[Source "ChessBase"]
[SourceDate "2017.10.13"]
[SourceVersion "1"]
[SourceVersionDate "2017.10.13"]
[SourceQuality "1"]
[WhiteTeam "Lehrte (W)"]
[BlackTeam "Leipzig WBA (W)"]
[WhiteTeamCountry "GER"]
[BlackTeamCountry "GER"]

1. e4 e5 2. Nf3 Nc6 3. Bb5 a6 4. Ba4 Nf6 5. 0-0 b5 6. Bb3 Be7 7. Qe2 0-0 8. c3 d5 9. exd5 Nxd5 10. d4 exd4 11. cxd4 Bf6 12. Qe4 Be6 13. Nc3 Nce7 14. Ng5 Bf5 15. Qf3 c6 16. Rd1 Qd7 17. h3 Nxc3 18. bxc3 Nd5 19. Bd2 a5 20. Ne4 Bxe4 21. Qxe4 Rfe8 22. Qd3 a4 23. Bc2 g6 24. Re1 Qd6 25. c4 bxc4 26. Qxc4 Nb6 27. Qc5 Qxc5 28. dxc5 Bxa1 29. Rxe8+ Rxe8 30. cxb6 Bd4 31. b7 Rb8 32. Bxa4 Rxb7 33. Bxc6 Rb2 34. Be3 Bxe3 35. fxe3 Rxa2 36. Kf1 Kg7 37. e4 Kf6 38. Bd5 Rb2 39. Ke1 Ke5 40. Bxf7 Rxg2 41. Bg8 h6 42. Bh7 Kxe4 43. Kf1 Kf3 44. Ke1 g5 45. Bg6 Kg3 46. Bf5 Rh2 47. Bg4 Rxh3 0-1

[Event "BL 1314 (Women)"]
[Site "Germany"]
[Date "2013.10.05"]
[Round "1.2"]
[White "Kachiani Gersinska, Ketino"]
[Black "Schulze, Dorothee"]
[Result "1-0"]
[WhiteElo "2364"]
[BlackElo "1999"]
[PlyCount "67"]
[EventDate "2013.10.04"]
[EventType "team-tourn"]
[EventRounds "11"]
[EventCountry "GER"]
[SourceTitle "EXT 2018"]
[Source "ChessBase"]
[SourceDate "2017.10.13"]
[SourceVersion "1"]
[SourceVersionDate "2017.10.13"]
[SourceQuality "1"]
[WhiteTeam "Baden-Baden (W)"]
[BlackTeam "Lehrte (W)"]
[WhiteTeamCountry "GER"]
[BlackTeamCountry "GER"]

1. c4 c5 2. Nf3 Nc6 3. d4 cxd4 4. Nxd4 g6 5. e4 Bg7 6. Nc2 Nf6 7. Nc3 0-0 8. Be2 a6 9. 0-0 Rb8 10. a4 Qc7 11. Bg5 e6 12. Qd2 Na5 13. Qf4 Qxf4 14. Bxf4 Ra8 15. Bd6 Nb3 16. Rad1 Re8 17. e5 Nh5 18. Bxh5 gxh5 19. Ne4 b6 20. Ng3 h4 21. Nh5 Bb7 22. f3 Rec8 23. Ne3 Bc6 24. Nxg7 Kxg7 25. Be7 Bxa4 26. Bxh4 h5 27. Bf6+ Kg6 28. g4 Bc6 29. Rd3 Ba4 30. Kf2 Nc5 31. gxh5+ Kh7 32. Rd4 b5 33. b4 Nb3 34. Rxd7 1-0

[Event "BL2 West 1213 (Women)"]
[Site "Germany"]
[Date "2013.03.09"]
[Round "6.4"]
[White "Schulze, Dorothee"]
[Black "Molitor, Lisa"]
[Result "1-0"]
[WhiteElo "1975"]
[BlackElo "1725"]
[PlyCount "83"]
[EventDate "2012.10.06"]
[EventType "team-tourn"]
[EventRounds "7"]
[EventCountry "GER"]
[SourceTitle "EXT 2018"]
[Source "ChessBase"]
[SourceDate "2017.10.13"]
[SourceVersion "1"]
[SourceVersionDate "2017.10.13"]
[SourceQuality "1"]
[WhiteTeam "Lehrte (W)"]
[BlackTeam "Krefeld Turm (W)"]
[WhiteTeamCountry "GER"]
[BlackTeamCountry "GER"]

1. e4 c5 2. Nf3 Nc6 3. d4 cxd4 4. Nxd4 e6 5. Nxc6 bxc6 6. Bd3 Nf6 7. 0-0 Qc7 8. f4 Bc5+ 9. Kh1 d6 10. Nd2 a5 11. Qe2 e5 12. fxe5 Ng4 13. exd6 Qxd6 14. Nf3 0-0 15. h3 Ne5 16. Bf4 f6 17. Bc4+ Be6 18. Bxe5 fxe5 19. Rad1 Qe7 20. Nxe5 Rxf1+ 21. Rxf1 Qd6 22. Bxe6+ Qxe6 23. Qc4 Qxc4 24. Nxc4 Be7 25. Rf5 a4 26. Ra5 Rxa5 27. Nxa5 c5 28. Kg1 Kf7 29. Kf2 Ke6 30. Ke3 Bf6 31. Nc4 g5 32. g4 h6 33. b3 Bd4+ 34. Kd3 a3 35. Nxa3 Ke5 36. Nc4+ Kf4 37. a4 Kg3 38. a5 Kxh3 39. a6 Kxg4 40. a7 h5 41. a8Q h4 42. e5 1-0

[Event "BL2 West 1213 (Women)"]
[Site "Germany"]
[Date "2012.12.02"]
[Round "4.3"]
[White "Stroessner, Lena"]
[Black "Schulze, Dorothee"]
[Result "0-1"]
[WhiteElo "1998"]
[BlackElo "1975"]
[PlyCount "86"]
[EventDate "2012.10.06"]
[EventType "team-tourn"]
[EventRounds "7"]
[EventCountry "GER"]
[SourceTitle "EXT 2018"]
[Source "ChessBase"]
[SourceDate "2017.10.13"]
[SourceVersion "1"]
[SourceVersionDate "2017.10.13"]
[SourceQuality "1"]
[WhiteTeam "Steinfurt (W)"]
[BlackTeam "Lehrte (W)"]
[WhiteTeamCountry "GER"]
[BlackTeamCountry "GER"]

1. Nf3 c5 2. g3 Nc6 3. Bg2 d5 4. 0-0 Nf6 5. d4 e6 6. c4 Bd7 7. cxd5 Nxd5 8. Nc3 Nxc3 9. bxc3 Be7 10. Rb1 b6 11. Ne5 Rc8 12. Nxd7 Qxd7 13. Bb2 0-0 14. Qa4 Rfd8 15. Rfd1 Nb8 16. Qb3 Qc7 17. Rbc1 Bg5 18. f4 Be7 19. e4 Nc6 20. d5 Na5 21. Qa4 exd5 22. exd5 c4 23. Ba3 b5 24. Qxb5 Bxa3 25. Rb1 Rb8 26. Qa4 Bc5+ 27. Kh1 Rxb1 28. Rxb1 Bb6 29. Re1 Kf8 30. Qc2 g6 31. Qe4 Bc5 32. Re2 Qe7 33. Qf3 Qd7 34. Qe4 Re8 35. Qc2 Rxe2 36. Qxe2 Qe7 37. Qe5 Qxe5 38. fxe5 f6 39. e6 Nb7 40. Bf3 Ke7 41. Kg2 Be3 42. Be2 Nd6 43. Kf3 Bd2 0-1

[Event "BL2 Nord 1011 (Women)"]
[Site "Germany"]
[Date "2010.11.06"]
[Round "1.2"]
[White "Rath, Alina"]
[Black "Schulze, Dorothee"]
[Result "1-0"]
[WhiteElo "1948"]
[BlackElo "2033"]
[PlyCount "83"]
[EventDate "2010.11.06"]
[EventType "team-tourn"]
[EventRounds "7"]
[EventCountry "GER"]
[SourceTitle "EXT 2012"]
[Source "ChessBase"]
[SourceDate "2011.11.24"]
[SourceVersion "1"]
[SourceVersionDate "2011.11.24"]
[SourceQuality "1"]
[WhiteTeam "Kiel Doppelbauer (W)"]
[BlackTeam "Lehrte (W)"]
[WhiteTeamCountry "GER"]
[BlackTeamCountry "GER"]

1. c4 c5 2. Nc3 Nc6 3. g3 g6 4. Bg2 Bg7 5. e4 Nf6 6. Nge2 0-0 7. 0-0 d6 8. d3 a6 9. h3 Rb8 10. f4 Nd7 11. Be3 Nd4 12. Rb1 b5 13. b3 b4 14. Na4 Bb7 15. f5 e6 16. g4 Kh8 17. Qd2 Nxe2+ 18. Qxe2 gxf5 19. exf5 Ne5 20. Bxb7 Rxb7 21. Rbd1 Qh4 22. Qg2 Rbb8 23. d4 cxd4 24. Bxd4 h5 25. Bf2 Qe7 26. c5 exf5 27. g5 Qxg5 28. Qxg5 Nf3+ 29. Kg2 Nxg5 30. cxd6 Ne4 31. Bh4 Rg8 32. Rxf5 Bf6+ 33. Kf3 Bxh4 34. Rxh5+ Kg7 35. Rxh4 Ng5+ 36. Kf4 Rb5 37. Rg4 Kf6 38. Rd3 Rf5+ 39. Kg3 Rd8 40. Nb6 Ra5 41. Nd5+ Kf5 42. Ne7+ 1-0

[Event "BL 0910 (Women)"]
[Site "Germany"]
[Date "2010.03.27"]
[Round "10.5"]
[White "Schulze, Dorothee"]
[Black "Nagel, Verena"]
[Result "1-0"]
[WhiteElo "1980"]
[BlackElo "2043"]
[PlyCount "119"]
[EventDate "2009.11.07"]
[EventType "team-tourn"]
[EventRounds "11"]
[EventCountry "GER"]
[SourceTitle "CBM 133 Extra"]
[Source "ChessBase"]
[SourceDate "2010.01.05"]
[SourceVersion "1"]
[SourceVersionDate "2010.01.05"]
[SourceQuality "1"]
[WhiteTeam "Lehrte (W)"]
[BlackTeam "Grosslehna (W)"]
[WhiteTeamCountry "GER"]
[BlackTeamCountry "GER"]

1. e4 e5 2. Nf3 Nc6 3. Bb5 a6 4. Ba4 Nf6 5. 0-0 Be7 6. Qe2 b5 7. Bb3 0-0 8. c3 d6 9. Rd1 Bg4 10. h3 Bh5 11. d3 Qd7 12. Nbd2 Kh8 13. Nf1 Bg6 14. Ng3 Rae8 15. Nh4 Bd8 16. a4 b4 17. a5 d5 18. Bg5 d4 19. Bc4 dxc3 20. bxc3 bxc3 21. Bxa6 Nd4 22. Qa2 c2 23. Re1 c6 24. Be3 Bxa5 25. Qxa5 Nb3 26. Qc3 Nxa1 27. Rxa1 Ra8 28. Qxc2 Rfb8 29. Qc3 Qc7 30. Bc4 Nd7 31. Nxg6+ fxg6 32. Rxa8 Rxa8 33. Nf1 h6 34. Nd2 Qd6 35. Nf3 Rb8 36. Kh2 Rb1 37. Qc2 Rb8 38. Bb3 Rf8 39. Ba4 Rf6 40. Qc3 g5 41. Bc1 Rg6 42. Ba3 Qf6 43. Bc1 Qe6 44. Bb3 Qe8 45. Bb2 Qb8 46. Qc4 Rf6 47. Kg1 Kh7 48. Ba3 Qe8 49. Qb4 Qg6 50. Qe7 g4 51. Qxd7 gxf3 52. Qg4 Qe8 53. Bc5 fxg2 54. Bd1 Qb8 55. Qxg2 Rg6 56. Bg4 h5 57. Bf5 Qb1+ 58. Kh2 Qc1 59. Qxg6+ Kg8 60. Qe8# 1-0

[Event "GER-chT Federal Cup (Women)"]
[Site "Braunfels"]
[Date "2009.06.06"]
[Round "4"]
[White "Schulze, Dorothee"]
[Black "Ries, Jutta"]
[Result "1/2-1/2"]
[WhiteElo "1963"]
[BlackElo "1944"]
[PlyCount "73"]
[EventDate "2009.06.04"]
[EventType "team-swiss"]
[EventRounds "5"]
[EventCountry "GER"]
[SourceTitle "CBM 130 Extra"]
[Source "ChessBase"]
[SourceDate "2009.07.02"]
[SourceVersion "2"]
[SourceVersionDate "2009.07.15"]
[SourceQuality "1"]

1. e4 Nf6 2. d3 d6 3. f4 e5 4. Nf3 Bg4 5. Be2 Nc6 6. Nc3 Be7 7. Be3 Qd7 8. Qd2 Bxf3 9. Bxf3 Ng4 10. Bg1 h6 11. Nd5 Bd8 12. g3 Nd4 13. Bg2 Qa4 14. b3 Qa3 15. Qc1 c6 16. Ne3 Nxe3 17. Bxe3 Bb6 18. Kd1 Qxc1+ 19. Bxc1 Nb5 20. Bb2 Bd4 21. Bxd4 Nxd4 22. c3 Nb5 23. a4 Nc7 24. Kc2 Ne6 25. Rhf1 Ke7 26. Bh3 exf4 27. Bxe6 fxe6 28. Rxf4 Raf8 29. Raf1 Rxf4 30. Rxf4 g5 31. Rf2 Rf8 32. Rxf8 Kxf8 33. g4 e5 34. c4 Ke7 35. b4 a5 36. Kb3 c5 37. bxa5 1/2-1/2

[Event "GER-chT Federal Cup (Women)"]
[Site "Braunfels"]
[Date "2009.06.04"]
[Round "1"]
[White "Schulze, Dorothee"]
[Black "Schneider, Birgit"]
[Result "0-1"]
[WhiteElo "1963"]
[BlackElo "2029"]
[PlyCount "135"]
[EventDate "2009.06.04"]
[EventType "team-swiss"]
[EventRounds "5"]
[EventCountry "GER"]
[SourceTitle "CBM 130 Extra"]
[Source "ChessBase"]
[SourceDate "2009.07.02"]
[SourceVersion "2"]
[SourceVersionDate "2009.07.15"]
[SourceQuality "1"]

1. e4 c5 2. Nf3 Nc6 3. d4 cxd4 4. Nxd4 g6 5. Nc3 Bg7 6. Be3 Nf6 7. Bc4 Qa5 8. 0-0 0-0 9. Bb3 d6 10. f3 Bd7 11. Nde2 Rac8 12. Nf4 Ne5 13. Ncd5 Rfe8 14. Nxf6+ Bxf6 15. Nd5 Bg7 16. Bd4 Bc6 17. Kh1 Nd7 18. Bxg7 Kxg7 19. Qd4+ Kg8 20. Rfd1 Qc5 21. c3 Bxd5 22. Qxd5 Qxd5 23. exd5 Nb6 24. Rd4 Rc5 25. Re1 Kf8 26. Kg1 Rec8 27. Kf2 Nc4 28. Re2 a5 29. Bd1 Nb6 30. Bb3 Nc4 31. Bxc4 Rxc4 32. Rxc4 Rxc4 33. Re4 Rc5 34. Rd4 b5 35. Ke3 f5 36. h3 Kf7 37. g4 Kf6 38. Kf4 g5+ 39. Ke3 Ke5 40. f4+ gxf4+ 41. Rxf4 fxg4 42. hxg4 Kxd5 43. Rf7 e5 44. Rxh7 Rc4 45. Rg7 b4 46. cxb4 Rxb4 47. Ra7 a4 48. g5 Rxb2 49. Rxa4 Rg2 50. Ra5+ Ke6 51. a4 Rxg5 52. Rb5 Rg4 53. a5 Ra4 54. Kd3 e4+ 55. Ke3 d5 56. Rb6+ Ke5 57. Rb5 Ra3+ 58. Ke2 Kd4 59. Rb4+ Ke5 60. Rb5 Kd6 61. Rb6+ Kc5 62. Ra6 Kd4 63. Ra8 Ra2+ 64. Kd1 Kd3 65. Kc1 e3 66. Rd8 d4 67. Re8 e2 68. Kb1 0-1

[Event "BL 0809 (Women)"]
[Site "Germany"]
[Date "2009.04.25"]
[Round "10.5"]
[White "Heyme, Sibylle"]
[Black "Schulze, Dorothee"]
[Result "0-1"]
[WhiteElo "2129"]
[BlackElo "1990"]
[PlyCount "62"]
[EventDate "2008.11.08"]
[EventType "team-tourn"]
[EventRounds "11"]
[EventCountry "GER"]
[SourceTitle "EXT 2010"]
[Source "ChessBase"]
[SourceDate "2010.11.25"]
[SourceVersion "1"]
[SourceVersionDate "2010.11.25"]
[SourceQuality "1"]
[WhiteTeam "Pankow Rotation (W)"]
[BlackTeam "Lehrte (W)"]
[WhiteTeamCountry "GER"]
[BlackTeamCountry "GER"]

1. d4 Nf6 2. Nf3 g6 3. g3 Bg7 4. Bg2 0-0 5. c4 d5 6. cxd5 Nxd5 7. 0-0 b6 8. Nc3 Bb7 9. Qb3 e6 10. Bg5 Qc8 11. Rac1 h6 12. Bd2 Na6 13. Rfd1 Rd8 14. Nb5 Qd7 15. e4 Ndb4 16. Nxc7 Nxa2 17. Nxa8 Nxc1 18. Bxc1 Bxa8 19. Qc4 Nc5 20. e5 Qa4 21. Qxa4 Nxa4 22. Kf1 b5 23. Ke2 Nb6 24. b3 Bd5 25. Rd3 Rc8 26. Kd1 Be4 27. Rd2 Rc3 28. Ne1 Bxg2 29. Nxg2 Rxb3 30. Ne3 a5 31. f4 Rxe3 0-1

[Event "GER-chT Lands U20"]
[Site "Dresden"]
[Date "2008.11.16"]
[Round "4.5"]
[White "Schulze, Dorothee"]
[Black "Anker, Christin"]
[Result "1-0"]
[WhiteElo "1868"]
[BlackElo "1799"]
[PlyCount "83"]
[EventDate "2008.11.14"]
[EventType "team-swiss"]
[EventRounds "7"]
[EventCountry "GER"]
[SourceTitle "EXT 2010"]
[Source "ChessBase"]
[SourceDate "2010.11.25"]
[SourceVersion "1"]
[SourceVersionDate "2010.11.25"]
[SourceQuality "1"]
[WhiteTeam "Niedersachsen"]
[BlackTeam "Bayern Muenchen"]
[WhiteTeamCountry "GER"]
[BlackTeamCountry "GER"]

1. e4 e5 2. Nf3 Nc6 3. Bb5 a6 4. Ba4 Nf6 5. Qe2 b5 6. Bb3 Bc5 7. c3 d6 8. h3 h6 9. 0-0 0-0 10. Rd1 Re8 11. d3 Rb8 12. Nbd2 Nh5 13. Nf1 Qf6 14. Kh2 Nf4 15. Bxf4 Qxf4+ 16. g3 Qf6 17. Ne3 Ne7 18. Kg2 c6 19. d4 Bb6 20. dxe5 dxe5 21. Rd2 Rd8 22. Rad1 Rxd2 23. Rxd2 Rb7 24. a4 Rd7 25. Ng4 Qg6 26. Rxd7 Bxd7 27. Nfxe5 Bxg4 28. Qxg4 Qf6 29. Bxf7+ Kh7 30. Qf4 Qd6 31. Ng6 Qxf4 32. Nxf4 bxa4 33. Nd3 g6 34. Be8 Kg7 35. Nb4 a5 36. Nxc6 Nxc6 37. Bxc6 a3 38. bxa3 Bc5 39. a4 Kf6 40. f4 Be7 41. Kf3 Ke6 42. Bd5+ 1-0